[Event "Tournoi Skype 024A"]
[Site "Skype"]
[Date "????.??.??"]
[Round "7.32"]
[White "Mitrani, Alberto"]
[Black "Munoz Gonzalez, Martin"]
[Result "1-0"]
[WhiteElo "1549"]
[BlackElo "1460"]
[PlyCount "57"]

1. c4 c5 2. g3 Nf6 3. Bg2 e6 4. Nc3 Be7 5. Nf3 d6 6. O-O O-O 7. e3 Nc6 8. d4
cxd4 9. exd4 Qb6 10. d5 Ne5 11. Qe2 Ng6 12. Be3 Qc7 13. Nb5 Qa5 14. Rfd1 e5 15.
Bd2 Qd8 16. h3 Bf5 17. Bg5 Nd7 18. Bxe7 Nxe7 19. b4 a6 20. Nc3 Nf6 21. c5 Ng6
22. g4 Bc8 23. Ng5 Ne8 24. Nge4 f5 25. gxf5 Bxf5 26. Qe3 Nf4 27. Bf1 Bxe4 28.
Nxe4 Nxd5 29. Rxd5 1-0